00000000nam##2200000za#4500
0019.681460
003CaOODSP
00520210615132431
007ta
008150407|2001||||xxc|||||     f|0| 0 fre|d
020 |a0-662-85672-4
040 |aCaOODSP|bfre
043 |an-cn---
0861 |aR2-148/2001F
1101 |aCanada.|bAffaires indiennes et du Nord.
24510|aLes prénoms autochtones de mes amis internautes
260 |aOttawa - Ontario : |bAffaires indiennes et du Nord |c2000.
300 |a4p. : |bfigures ; |c28 cm.
563 |aDépliant
590 |a03-10|b2003-03-07
77508|tLearn about aboriginal names |w(CaOODSP)9.648099
7760#|tLes prénoms autochtones de mes amis internautes |w(CaOODSP)9.641892